LEADER 03692nam a22007097a 4500
001 45488
003 BD-DhAAL
005 20260504160231.0
008 260426t2024 bg |||| b||| 00| 0 ben d
020 |a 9789849816010 
020 |a 9841807122101 
040 |a BD-DhAAL  |d BD-DhAAL 
041 0 |a ben 
082 4 |a 700.95492 
245 0 0 |a বাঙালির শিল্পচিন্তা.  |n একাদশ খণ্ড /  |c সম্পাদক, মইনুদ্দীন খালেদ ; ভূমিকা, আবুল মনসুর ; গ্রন্থমালা সম্পাদক, আবদুল্লাহ আবু সায়ীদ. 
246 3 3 |a Bangalir chintamulok rochona shongroho :   |b shilpo [ekadosh khondo] 
246 3 3 |a A collection of Bengali thoughts :  |b art [volume : 11] 
260 |a ঢাকা :  |b বিশ্বসাহিত্য কেন্দ্র,  |c ২০২৪. 
300 |a ১৭২ পৃষ্ঠা ;  |c ২২ সে.মি. 
362 0 |a Vol. 11 
490 1 |a বাঙালির চিন্তামূলক রচনা সংগ্রহ ;  |v ১০১ 
490 1 |a বিশ্বসাহিত্য কেন্দ্র প্রকাশনা ;  |v ৭১৩ 
500 |a প্রথম প্রকাশ. 
504 |a গ্রন্থপঞ্জিগত নির্দেশিকা অন্তর্ভুক্ত। 
526 8 |a AAL, RS 
541 1 |a Bishwo Shahitto Kendro  |e 45488 
650 0 |a Arts. 
650 0 |a Arts  |x History and criticism  |z India.  |9 60472 
650 0 |a Arts  |x History and criticism  |z Bangladesh.  |9 60473 
650 0 |a Art, Indic  |z India  |z Bengal  |x History.  |9 60474 
650 0 |a Aesthetics. 
650 0 |a Art and Design.  |9 60475 
650 0 |a Art history.  |9 60476 
650 0 |a Art theory.  |9 60477 
650 0 |a Art criticism  |z Bangladesh.  |9 55986 
650 0 |a Art historians  |z Bangladesh.  |9 56038 
650 0 |a Artists as art critics  |z Bangladesh.  |9 56039 
650 0 |a Imagery (Psychology) in art.  |9 60478 
650 0 |a Folk art  |z Bangladesh. 
650 0 |a Painting  |z Bangladesh.  |9 4232 
650 0 |a Painting  |z India.  |9 41070 
650 0 |a Painters  |z India  |z Bengal.  |9 60481 
650 0 |a Art, Bangladeshi. 
650 0 |a Decorative arts  |z Bangladesh.  |9 6039 
650 0 |a Sculpture, Bangladesh.  |9 12703 
650 0 |a Terra-cotta sculpture, Indic  |z India  |z Bangladesh.  |9 60482 
650 0 |a Hindu sculpture  |z Bangladesh.  |9 12707 
650 0 |a Fasts and feasts in art.  |9 60483 
650 0 |a Architecture  |z Bangladesh. 
650 0 |a Architecture  |x Study and teaching  |z Bangladesh.  |9 33696 
651 0 |a Bangladesh  |x Antiquities. 
651 0 |a India  |x Antiquities. 
700 1 |a খালেদ, মইনুদ্দীন.  |9 4230 
700 1 |a মনসুর, আবুল.  |9 18916 
700 1 |a সায়ীদ, আবদুল্লাহ আবু. 
830 0 |a বাঙালির চিন্তামূলক রচনা সংগ্রহ ;  |v ১০১ 
830 0 |a বিশ্বসাহিত্য কেন্দ্র প্রকাশনা ;  |v ৭১৩ 
852 1 |a Ayesha Abed Library  |c Reference 
942 |2 ddc  |c BK 
999 |c 47789  |d 47789 
952 |0 0  |1 0  |2 ddc  |4 0  |6 700_954920000000000_BAN  |7 1  |9 78945  |a SCL  |b SCL  |c REF  |d 2026-04-19  |e Bishwo Shahitto Kendro  |g 220.00  |l 0  |o 700.95492 BAN  |p 3020045607  |r 2026-04-19  |t 2  |v 440.00  |w 2026-04-19  |y BK  |x Requisitioned by Ayesha Abed Library, BRAC University 
952 |0 0  |1 0  |2 ddc  |4 0  |6 700_954920000000000_BAN  |7 1  |9 78946  |a BRACUL  |b BRACUL  |c REF  |d 2026-04-19  |e Bishwo Shahitto Kendro  |g 220.00  |l 0  |o 700.95492 BAN  |p 3010045488  |r 2026-04-19  |t 1  |v 440.00  |w 2026-04-19  |y BK  |x Requisitioned by Ayesha Abed Library, BRAC University